Wymień Alfabetycznie imiona na literę A - Statystyki

Ogólne statystyki
  • Ten quiz został rozwiązany 1 171 razy
  • Średni wynik to 9 z 16
Statystyki odpowiedzi
Hint Odpowiedź % Poprawnych
A Anna
87%
A Ada
73%
A Alicja
70%
A Adam
65%
A Amelia
63%
A Agnieszka
62%
A Aleksandra
62%
A Andrzej
57%
A Adrian
56%
A Aleksander
54%
A Agata
49%
A Anastazja
43%
A Aneta
42%
A Artur
41%
A Arkadiusz
40%
A Alan
29%
Nie znaleziono quizów pasujących do podanych kryteriów
Rozkład punktacji
Procent ludzi z każdym wynikiem
Percentyl według liczby udzielonych odpowiedzi
Twoja historia wyników
Nie rozwiązałeś tego quizu